|
|
|
|
| LEADER |
01258naa a2200421 a 4500 |
| 001 |
000000295 |
| 003 |
SVKKK |
| 005 |
20071019124505.0 |
| 008 |
030616c1990 xo e engo |
| FMT |
|
|
|
| 038 |
|
|
|a SVKKK
|
| 040 |
|
|
|a SVKKK
|b slo
|e AACR2
|
| 041 |
0 |
|
|a eng
|b ger
|
| 044 |
|
|
|a xo
|c SK
|
| 080 |
|
|
|a 556.5.04(437.676)
|2 1981
|
| 100 |
1 |
|
|a Melioris, Ladislav
|4 aut
|
| 242 |
1 |
0 |
|a Optimálne využitie pozemných vôd
|
| 245 |
1 |
0 |
|a Optimum Utilization of Ground Waters
|c Melioris Ladislav, Mucha Igor, Némethy Peter
|
| 300 |
|
|
|b Obr. 3
|
| 500 |
|
|
|a Bratislava, Komenského univerzita
|
| 504 |
|
|
|a Res. nem., lit. 1 zázn. v slov.
|
| 650 |
0 |
4 |
|a Brezovica, vodný zdroj
|x lokalita sledovaná
|
| 650 |
0 |
4 |
|a hydrogeológia
|
| 650 |
0 |
4 |
|a vody pozemné
|
| 650 |
0 |
4 |
|a využitie
|z Brezovica (vodný zdroj)
|
| 650 |
0 |
4 |
|a výskum
|x štúdie
|
| 700 |
1 |
|
|a Mucha, Igor
|4 aut
|
| 700 |
1 |
|
|a Némethy, Peter
|4 aut
|
| 773 |
0 |
|
|t Acta Geologica et Geographica Universitatis Comenianae
|d Bratislava : Slovenské pedagogické nakladateľstvo, 1990
|z 80-08-00746-X
|g S. 193-200
|
| 957 |
|
|
|a 5407
|
| 957 |
|
|
|a Brezovica
|
| 958 |
|
|
|a NP
|
| 958 |
|
|
|a RE
|
| 974 |
|
|
|d 940721
|a 245/214
|
| 992 |
|
|
|a RZB
|
| BAS |
|
|
|
| 852 |
|
|
|a SVKKK
|b BIB
|
| 998 |
|
|
|a GEO
|